MDQL
is popping MORE tags! Check the
thread
!
Quizzes
Events
Quiz Creation
Community
Videos
Private Events
Remove Ads
Sign In
Join for FREE
Feedback
Dark Mode
Quiz Categories
Sports
Geography
Music
Movies
Television
Just For Fun
Miscellaneous
History
Literature
Language
Science
Gaming
Entertainment
Religion
Holiday
For Kids
Quiz Lab
Recent
Popular Today
Quiz Kudos Today
Editor Picks
Curator Picks
Quizzes by...
Day
Popularity
Type
Ratings
Length
Year
Community
Subscriptions
Recent Discussions
Orange Saloon
Badges
Playlists
Quests
Create
Leaderboards
Showdown
Live 5
Trivia Bingo
Activity
Puzzle Library
Sporcle Events
Private Events
Virtual Trivia
Globe League
Become a Host
Pub Owners
SporcleCon
Opinionation
Our Games
Videos
Blog
Mobile Apps
Partnerships
Remove Ads and Go Orange
Feedback
Miscellaneous
Crossword
General Knowledge
Baby Names
Logo
Food
Cars
Numbers
Grab Bag
University
College
Popular
Company
Slogans
Restaurants
Justice
Letter
Miscellaneous
Crossword
General Knowledge
Baby Names
Logo
Food
Cars
Numbers
Grab Bag
University
College
Popular
Company
Slogans
Restaurants
Justice
Letter
Random Quiz
Search Sporcle
×
Quiz Lab
Quiz Lab
Miscellaneous
recite
Type in answers that appear in a list
Type in answers that appear in a list
Classic
Best Score? Go Orange.
Navy Seal Copypasta Stats
Can you recite the infamous 'Navy Seal Copypasta' in its entirety?
By
theonbaejoy
10m
287 Questions
636 Plays
636 Plays
636 Plays
Comments
Comments
Give Quiz Kudos
Give Quiz Kudos
-
- Ratings
hide this ad
More Info
Replay
Link that replays current quiz
Next Quiz
Link to next quiz in quiz playlist
You Got
0%
They Got
Avg Score
54%
Avg Friend Score
Upgrade to see
Score Distribution
Jump to the score distribution portion of the page
Score
0/287
Timer
10:00
0
Plays Today
Hint
Answer
% Correct
1
I
92.3%
1
I
92.3%
1
I
92.3%
2
I
92.3%
3
I
92.3%
3
I
92.3%
3
I
92.3%
4
I
92.3%
4
I
92.3%
4
I
92.3%
5
I
92.3%
1
the
91.3%
1
the
91.3%
1
the
91.3%
1
the
91.3%
2
the
91.3%
2
the
91.3%
2
the
91.3%
3
the
91.3%
3
the
91.3%
3
The
91.3%
3
the
91.3%
4
the
91.3%
4
the
91.3%
4
the
91.3%
4
the
91.3%
5
the
91.3%
1
you
89.4%
1
you
89.4%
1
you
89.4%
2
You
89.4%
2
you
89.4%
2
You
89.4%
2
you
89.4%
3
you
89.4%
3
you
89.4%
3
you
89.4%
4
you
89.4%
4
you
89.4%
5
you,
89.4%
5
you
89.4%
5
you
89.4%
5
you
89.4%
5
you
89.4%
5
you
89.4%
5
you
89.4%
1
What
86.4%
5
what
86.4%
1
f*ck
85.2%
2
f*ck
85.2%
1
me,
83.9%
2
me
83.9%
2
me
83.9%
1
did
83.3%
2
to
83%
2
to
83%
4
to
83%
4
to
83%
4
to
83%
5
to
83%
1
say
82.5%
1
Navy
82%
1
just
80.4%
2
just
80.4%
4
just
80.4%
1
little
79.7%
1
have
79.7%
1
have
79.7%
3
little
79.7%
4
have
79.7%
4
little
79.7%
5
have
79.7%
5
little
79.7%
5
have
79.7%
1
f*cking
77.1%
2
f*cking
77.1%
3
f*cking
77.1%
5
f*cking
77.1%
5
f*cking
77.1%
1
know
75.6%
1
in
75.4%
1
in
75.4%
1
in
75.4%
1
in
75.4%
3
in
75.4%
4
in
75.4%
5
in
75.4%
3
kill
74%
1
I'll
73.3%
1
of
73%
2
of
73%
3
of
73%
4
of
73%
4
of
73%
1
my
72.4%
2
my
72.4%
Hint
Answer
% Correct
3
my
72.4%
4
my
72.4%
1
Seals,
71.8%
1
b*tch?
69.1%
1
about
68%
5
about
68%
1
top
66.9%
1
top
66.9%
1
class
65.8%
1
confirmed
65.6%
1
graduated
63.6%
1
over
63.6%
2
over
63.6%
3
over
63.6%
5
over
63.6%
1
and
62.6%
1
and
62.6%
1
and
62.6%
3
and
62.6%
3
and
62.6%
4
and
62.6%
4
and
62.6%
5
and
62.6%
5
and
62.6%
1
kills.
61%
1
am
60.9%
3
am
60.9%
4
am
60.9%
1
on
59.6%
2
on
59.6%
3
be
59.3%
2
sh*t
57.6%
4
sh*t.
57.6%
5
sh*t
57.6%
3
your
55.8%
3
your
55.8%
4
your
55.8%
5
your
55.8%
5
your
55.8%
1
300
55.2%
2
will
54.7%
4
will
54.7%
5
will
54.7%
5
will
54.7%
3
dead,
52.1%
5
dead,
52.1%
3
kid.
50.8%
2
that
50%
3
that
50%
1
trained
49.1%
4
trained
49.1%
4
Not
47.6%
1
gorilla
47.5%
3
You're
47.2%
5
you're
47.2%
5
You're
47.2%
2
US
47%
3
USA
47%
2
with
46.8%
2
with
46.8%
3
for
46.8%
4
with
46.8%
1
warfare
46.1%
1
been
45.7%
2
been
45.7%
2
are
45.6%
2
As
45.6%
5
kiddo.
45.4%
1
sniper
43.2%
2
can
43.1%
3
can
43.1%
3
can
43.1%
1
raids
42.3%
2
we
42.1%
2
but
39.6%
4
but
39.6%
5
But
39.6%
2
nothing
39.4%
4
hands.
39.4%
4
bare
39.3%
4
ways,
39%
1
numerous
38.2%
1
secret
38.2%
3
secret
38.2%
2
out
37.9%
3
out
37.9%
2
think
37.4%
2
Think
37.4%
3
is
37.4%
1
I'm
36.9%
2
wipe
36.9%
4
wipe
36.9%
3
so
36.8%
1
I've
36.3%
2
Earth,
36.1%
4
it
35.8%
Hint
Answer
% Correct
4
ass
35.8%
5
it.
35.8%
2
never
35.6%
1
involved
35.3%
4
United
35.3%
1
entire
35.2%
4
entire
35.2%
2
this
35%
5
was
34.9%
5
all
34.9%
4
States
34.7%
2
Internet?
34.4%
2
again,
34.2%
4
only
34.2%
4
only
34.2%
2
forces.
34.1%
2
seen
34.1%
3
hundred
33.8%
2
armed
33.4%
4
off
33%
2
another
32.5%
2
which
32.3%
4
that's
32.2%
2
likes
32%
3
now
32%
5
now
32%
3
IP
31.7%
4
Marine
31.7%
3
life.
31.5%
2
speak
31.4%
2
target.
31.2%
2
before
30.9%
2
words.
30.9%
2
mark
30.8%
4
face
30.8%
2
get
30.6%
3
seven
30.1%
2
has
30%
4
combat,
29.8%
2
away
29.7%
2
precision
29.2%
2
f*cker.
28.9%
4
could
28.2%
1
Al-Quaeda,
27.9%
4
If
27.6%
4
Corps
27.4%
3
network
27.3%
3
call
26.8%
4
access
26.8%
3
contacting
26.7%
3
spies
26.7%
2
saying
26.5%
3
right
26.5%
3
maggot.
26.3%
3
storm,
26%
3
storm
26%
5
comment
25.9%
3
being
25.7%
4
arsenal
25.7%
4
use
25.1%
5
fury
24.9%
3
better
24.6%
3
traced
24.4%
3
anywhere,
24.3%
3
across
24%
5
would
24%
3
anytime,
23%
5
drown
23%
5
didn't,
22.7%
3
thing
22.6%
5
down
22.6%
3
prepare
22.4%
3
pathetic
22.2%
4
full
21.8%
4
its
21.6%
4
unarmed
21%
5
'clever'
20.7%
5
couldn't,
19.7%
3
wipes
19.4%
4
miserable
18.9%
4
extent
18.5%
4
extensively
18.1%
5
known
18.1%
5
tongue.
17.7%
5
held
17%
5
bring
16.9%
5
upon
16.4%
5
price,
16.2%
4
continent,
15.9%
5
idiot.
15.9%
5
paying
15.6%
5
goddamn
15.6%
5
maybe
15.5%
5
unholy
14.4%
5
retribution
13.9%
Quiz Playlist
Details
Report
Send in Message
Add To Playlist
More Info:
The misspelling in this quiz is from the original copypasta. Both the correct and incorrect spellings of this word are accepted as answers.
Classic:
Type in answers that appear in a list
Quiz Source
Last Updated: Aug 13, 2017
Quiz Scoreboard
CHALLENGE
Sign Up to Join the Scoreboard
Show All
Scores
Hide
Comments
May contain spoilers
Recently Published
5x2 Blitz: Bands
by SL_Kpop136
Music
30s
Colored Red Africa Blitz
by spor1
Geography
30s
Find the 'City' Movie
by crazypaving
Movies
60s
More to Explore
Quiz From the Vault
Featured Blog Post
14 Easter Pick-up Lines to Find Eggs With
hide this ad
You Might Also Like...
Tags
4chan
Copy
Internet
meme
Navy
recite
Reddit
US Navy
Viral
Youtube
Today's Top Quizzes in Miscellaneous
Browse Miscellaneous
hide this ad
Top Contributed Quizzes in Miscellaneous
1
5-to-1: Fast Food
2
9x9 Crossword: Disney Movie Titles
3
9x9 Crossword: Charlie and the Chocolate Factory
4
The JOE quick-fire general knowledge quiz: Day 174
5
9x9 Crossword: Nickelodeon
6
9x9 Crossword: Flags
7
9x9 Crossword: Pixar Movie Titles
8
9x9 Crossword: 2022 Movies
9
9x9 Crossword: Halloween
10
9x9 Crossword: Actors
Explore More
Trending Topics
Anime
Marvel
Kpop
Crossword
NBA
Harry Potter
Disney
NFL
Country
Soccer
WWE
Song
Puzzle
Pokémon
The Office
hide this ad
More By:
theonbaejoy
Quiz
Plays
Rating
Category
Featured
Created
ASOIAF Minefield: Order of Death
222,538
4.12
Literature
Dec 11, 2015
ASOIAF Logic Puzzle II
19,712
3.74
Just For Fun
Oct 24, 2015
Profile: Arya Stark
19,050
4.35
Literature
Sep 18, 2015
Rick and Morty: Finish that quote!
8,885
4.88
Television
Nov 13, 2016
Minefield: Rick and Morty Characters
7,315
4.57
Television
May 6, 2016
Go to Creator's Profile
Score Distribution
Quiz Creator Spotlight
theonbaejoy
Follow
Send a Message
Quizzes Created
-
Created Quiz Play Count
-
More By This Creator
Popular Quizzes Today
1
Find the 'City' Movie
2
Colored Red Africa Blitz
3
Find the US States - No Outlines Minefield
4
5x2 Blitz: Bands
5
The Countries of the World
6
Find the US States
7
US States
8
9x9 Crossword: Cartoon Network
More Miscellaneous Quizzes
HTML Elements
Published
Trending Quizzes
Colored Red Europe Blitz I
Colored Red Africa Blitz II
Colored Red Europe Blitz II
Colored Red Europe Blitz III
Colored Red Africa Blitz III
Recently Updated
Famous TV Couples
Peacemaker
Champions League XIs: Real Madrid
pecheneg
Largest US Cities 1790-2010
pecheneg
Rides in Walt Disney World
pecheneg
Most Oscar Losses (Acting)
pecheneg
Beyoncé Albums
pecheneg
Leaping Animals
pecheneg
Reality TV Shows (A-Z)
bhenderson79
Rickey Henderson's Hall of Fame Teammates
pecheneg
Champions League XIs: Arsenal
pecheneg
Trending Topics
Disney
Kpop
Marvel
NBA
Anime
Crossword
Harry Potter
Song
Country
The Office
Pokémon
NFL
WWE
Soccer
Puzzle
Your Account Isn't Verified!
In order to create a playlist on Sporcle, you need to verify the email address you used during registration. Go to your
Sporcle Settings
to finish the process.
Report this User
Report this user for behavior that violates our
Community Guidelines
.
Details:
Send Report
Go to the Sporcle.com Mobile Site →
Comments